000 01201nam a2200325Ia 4500
005 20220317000538.0
008 160601s1998 sp g 000 0 spa
020 _a8476728492
082 0 4 _a121.2
_bR67e
100 1 _aErasmo de Rotterdam, Desiderio
_d1469-1536
245 1 3 _aEl elogio de la locura
_cErasmo de Rotterdam, Desiderio ; traducción Felipe Payro Carrió ; prólogo y presentación Francesc L. Cardona
250 _a1a. edición
300 _a155 páginas
_c19 cm
490 _aEl libro de bolsillo
_phumanidades
500 _aIncluye cronología erasmiana
504 _aIncluye bibliografía
600 _aErasmo de Rotterdam, Desiderio
_d1469-1536
_xCrítica e interpretación
_947708
650 1 4 _2LEMB
_aFilosofía moderna
650 1 4 _2LEMB
_aFilosofía y política
650 1 4 _2LEMB
_aFilosofía renacentista
650 1 4 _2LEMB
_aHumanismo
650 1 4 _2LEMB
_aSátira
700 1 _aPayro Carrió, Felipe
_etraductor
_947710
942 _2ddc
_cBK
264 _aBarcelona
_bEdicomunicación
_c1998
336 _atexto
_btxt
_2rdacontent
337 _asin mediación
_bn
_2rdamedia
338 _avolumen
_bnc
_2rdacarrier
040 _aCO-BoRNBP
_bspa
_erda
_cCO-BoRNBP
999 _c4348
_d4348